Quiz o Zamościu - Statystyki

Ogólne statystyki
  • Ten quiz został rozwiązany 32 razy
  • Średni wynik to 12 z 14
Statystyki odpowiedzi
Zagadnienie Odpowiedź % Poprawnych
Co znajduje się na Rynku Wielkim w Zamościu? Ratusz
100%
Który z podanych to rynek Zamościa?
97%
Kto założył Zamość? Jan Zamoyski
97%
W jakim województwie leży Zamość? Lubelskim
97%
Jakie tablice rejestracyjne są w Zamościu? LZ
93%
Zamość często nazywany jest: Perłą Renesansu
93%
Jaki styl architektoniczny dominuje w centrum Zamościa? Renesans
87%
Który z podanych to herb Zamościa?
80%
Jaka jest flaga Zamościa?
77%
Jak nazywa się słynny włoski architekt, który zaprojektował Zamość? Bernardo Morando
73%
Kto aktualnie jest prezydentem Zamościa? Rafał Zwolak
73%
W którym wieku założono Zamość? XVI
70%
W jakim roku Zamość został wpisany na listę UNESCO? 1992
60%
Który król nadał prawa miejskie Zamościowi? Zygmunt III Waza
53%
Nie znaleziono quizów pasujących do podanych kryteriów
Rozkład punktacji
Procent ludzi z każdym wynikiem
Percentyl według liczby udzielonych odpowiedzi
Twoja historia wyników
Nie rozwiązałeś tego quizu